000 00736 a2200253 4500
260 _aParis
100 _aLEVEQUE, André
440 _n108
260 _bORSTOM
245 _aPédogenèse sur socle granito-gneissique du Togo : différenciation des sols et remaniements superficiels
300 _a224 p.-[6]f. de pl.
650 _a<Pédogenèse-Togo><Socle granito-gneissique-Togo>
260 _c1979
300 _bfig., tabl., planches ; 27 cm.
130 _lFr.
440 _a(Travaux et documents de l'O.R.S.T.O.M.)
035 _a12880
500 _aComprend une bibliographie
020 _a2-7099-0514-0
999 _c10299
_d10299